Sudeste (Registro nro. 1316)
[ vista simple ]
| 000 -CABECERA | |
|---|---|
| fixed length control field | 00723nam a22002417a 4500 |
| 003 - CONTROL NUMBER IDENTIFIER | |
| control field | AR-BeUNQ |
| 005 - FECHA Y HORA DE LA ULTIMA TRANSACCION | |
| control field | 20250714180233.0 |
| 008 - ELEMENTOS DE LONGITUD FIJA-INFORMACION GENERAL | |
| fixed length control field | 250714b |||||||| |||| 00| 0 spa d |
| 020 ## - NUMERO INTERNACIONAL NORMALIZADO PARA LIBROS | |
| Número Internacional Normalizado del libro | 9789500437486 |
| 040 ## - FUENTE DE CATALOGACION | |
| Agencia de catalogación original | AR-BeUNQ |
| Idioma de catalogación | ESPAÑOL |
| Agencia que realiza la transcripción | AR-BeUNQ |
| Convenciones de la descripción | aacr |
| 082 ## - NUMERO DE CLASIFICACION DECIMAL DEWEYMBER | |
| Número de la edición | 21 |
| Número de clasificación | 863 CON |
| 100 10 - ASIENTO PRINCIPAL-NOMBRE PERSONAL | |
| Nombre personal | Conti, Haroldo |
| Títulos u otras palabras asociadas al nombre | aut. |
| Fecha asociada al nombre | 1925-1976 |
| 245 10 - MENCION DE TITULO | |
| Título | Sudeste |
| Mención de responsabilidad, etc | Haroldo Conti. |
| Medio físico | Libro |
| 250 ## - MENCION DE EDICION | |
| Mención de edición | 1a.ed |
| 260 ## - PUBLICACION, DISTRIBUCION, ETC. | |
| Lugar de publicación, distribución, etc. | Ciudad Autónoma de Buenos Aires : |
| Nombre del editor, distribuidor, etc. | Emecé, |
| Fecha de publicación, distribución, etc | 2015. |
| 300 ## - DESCRIPCION FISICA | |
| Extensión | 256 p. |
| Dimensiones | 23cm |
| 490 ## - MENCION DE SERIE | |
| Mención de serie | Biblioteca Haroldo Conti. |
| 500 ## - NOTA GENERAL | |
| Nota general | Novela. |
| 650 ## - ASIENTO SECUNDARIO DE MATERIA - TERMINO TEMATICO | |
| Fuente del encabezamiento o términ | Narratica |
| Término temático o nombre geográfico como elemento de entrada | tell |
| 651 ## - ASIENTO SECUNDARIO DE MATERIA - NOMBRE GEOGRAFICO | |
| Fuente del encabezamiento o término | unescot |
| Nombre geográfico | Argentina |
| 929 ## - DATOS DE ADQUISICION | |
| Procedencia | DONACION |
| Proveedor | Ministerio de Educación de la Nación |
| Orden de compra | 0 |
| Precio | 0 |
| Fecha de recibido | 2017 |
| Patrimonio UNQ | PAT0083771 |
| Número de inventario | 63463 |
| 942 ## - ELEMENTOS DE PUNTO DE ACCESO ADICIONAL (KOHA) | |
| Tipo de ítem Koha | Libros |
| Estado de retiro | Estado de pérdida | Ubicación permanente | Ubicación actual | Ubicación en estantería | Fecha de ingreso | Total Checkouts | Signatura topográfica completa | Inventario | Date last seen | Tipo de ítem Koha | Operador |
|---|---|---|---|---|---|---|---|---|---|---|---|
| Biblioteca ESET - UNQ | Biblioteca ESET - UNQ | CIRCULACION | 14/07/2025 | 863 CON | 63463 | 14/07/2025 | Libros | Gladys Alarcon |